| 000 | 00875nac a22002051u 4500 | ||
|---|---|---|---|
| 008 | 080902s ua|||||r|||| 000 0 ara d | ||
| 020 | _a7239440 | ||
| 082 |
_a251 _bج و ي _222 |
||
| 100 |
_aإمام الحرمين الجويني، عبد الملك بن عبد الله _9355 _d1028-1085 م |
||
| 245 |
_aالكافية في الجدل : _bللجويني إمام الحرمين / _c تحقيق فوقية حسين محمود |
||
| 260 |
_aالقاهرة : _bعيسي البابي الحلبي,1979. _c1979. |
||
| 300 |
_a659 ص ; _c24سم |
||
| 504 | _aيحتوي علي ببليوجرافية ص 623-630 وفهارس | ||
| 511 | _aCatalogued by: Sara | ||
| 650 |
_aالفقه الإسلامي، أصول _915064 |
||
| 650 |
_aالقياس _915070 |
||
| 650 |
_aالإجماع _915066 |
||
| 700 |
_aمحمود، فوقية حسين _9202 |
||
| 942 |
_cBB _k251ج و ي _2ddc |
||
| 999 |
_c5880 _d5880 |
||